| Tag |
First Indicator |
Second Indicator |
Subfields |
| LEADER |
00000pam a22000004a 4500 |
| 001 |
in00001800321 |
| 005 |
20151026050714.0 |
| 008 |
030828s2004 nju 000 0aeng |
| 010 |
|
|
|a 2003018879
|
| 020 |
|
|
|a 0471463337 (CLOTH)
|
| 035 |
|
|
|a (OCoLC)ocm52970154
|
| 040 |
|
|
|a DLC
|c DLC
|d YDX
|d UtOrBLW
|
| 042 |
|
|
|a pcc
|
| 043 |
|
|
|a n-us-ny
|
| 049 |
|
|
|a TXAM
|
| 050 |
0 |
0 |
|a KF373.F38
|b A33 2004
|
| 082 |
0 |
0 |
|a 347.73/9/092
|2 22
|
| 100 |
1 |
|
|a Felder, Raoul Lionel,
|d 1934-
|
| 245 |
1 |
0 |
|a Bare knuckle negotiation :
|b savvy tips and true stories from the master of give-and-take /
|c Raoul Felder.
|
| 264 |
|
1 |
|a Hoboken, N.J. :
|b John Wiley & Sons,
|c [2004]
|
| 264 |
|
4 |
|c ©2004
|
| 300 |
|
|
|a xvi, 239 pages ;
|c 24 cm.
|
| 336 |
|
|
|a text
|b txt
|2 rdacontent
|
| 337 |
|
|
|a unmediated
|b n
|2 rdamedia
|
| 338 |
|
|
|a volume
|b nc
|2 rdacarrier
|
| 600 |
1 |
0 |
|a Felder, Raoul Lionel,
|d 1934-
|
| 650 |
|
0 |
|a Public prosecutors
|z New York (State)
|z New York
|v Biography.
|
| 650 |
|
0 |
|a Lawyers
|z New York (State)
|z New York
|v Biography.
|
| 650 |
|
0 |
|a Compromise (Law)
|
| 650 |
|
0 |
|a Negotiation.
|
| 945 |
|
|
|i PromptCat
|
| 948 |
|
|
|a cataloged
|b cmulkey
|c 2004/2/16
|d 9:33:16 am
|
| 994 |
|
|
|a 92
|b TXA
|
| 999 |
|
|
|a MARS
|
| 999 |
f |
f |
|s 9bc3adcf-93c5-35f3-9202-41e18a393f46
|i 39cb7712-9d5d-3444-950a-8ad145453ed3
|t 0
|
| 952 |
f |
f |
|p ric
|a Texas A&M University
|b Rellis Campus
|c Joint Library Facility
|d Remote Storage
|t 0
|e KF373.F38 A33 2004
|h Library of Congress classification
|i unmediated -- volume
|m A14831238984
|
| 998 |
f |
f |
|a KF373.F38 A33 2004
|t 0
|l Remote Storage
|